Loading...
| Fine Arts - Auditory | 4 | 17.50 | 100% | 200% | 100% |
| Fine Arts - Other | 5 | 22.00 | 320% | 120% | 160% |
| Fine Arts - Visual | 3 | 20.00 | 267% | 133% | 133% |
| Geography | 1 | 10.00 | 0% | 0% | 200% |
| History - American | 4 | 17.50 | 200% | 150% | 100% |
| History - European | 6 | 15.00 | 133% | 133% | 100% |
| History - Other | 7 | 17.14 | 171% | 143% | 114% |
| History - World | 8 | 16.25 | 200% | 125% | 100% |
| Literature - American | 4 | 20.00 | 400% | 100% | 100% |
| Literature - British | 5 | 18.00 | 240% | 120% | 120% |
| Literature - European | 7 | 22.86 | 400% | 200% | 57% |
| Literature - World | 5 | 14.00 | 320% | 80% | 40% |
| Mythology | 4 | 20.00 | 200% | 150% | 150% |
| Other Academic | 1 | 10.00 | 400% | 0% | 0% |
| Philosophy | 5 | 14.00 | 240% | 80% | 80% |
| Pop Culture | 2 | 20.00 | 0% | 200% | 200% |
| Religion | 7 | 15.71 | 286% | 29% | 143% |
| Science - Biology | 1 | 20.00 | 400% | 0% | 200% |
| Science - Chemistry | 3 | 16.67 | 133% | 133% | 133% |
| Science - Other | 6 | 20.00 | 267% | 133% | 133% |
| Science - Physics | 2 | 20.00 | 200% | 200% | 100% |
| Social Science | 6 | 21.67 | 133% | 200% | 167% |